Statistics for Name all Why Don't We songs

Click here to take the quiz!

General Stats

  • This quiz has been taken 1,608 times
  • The average score is 19 of 28

Answer Stats

Answer % Correct
Only The BeginningTaking You
89%
Something DifferentSomething Different
86%
InvitationInvitation
83%
Why Don't We JustWhy Don't We Just
83%
Nobody Gotta Know
79%
Free
78%
Just To See You Smile
75%
A Why Don't We ChristmasKiss You This Christmas
74%
M.I.A
73%
SinglesThese Girls
72%
Perfect
69%
Boomerang
68%
Runner
67%
On My Way
66%
Words I Didn't Say
65%
Air Of The Night
64%
Made For
63%
Turn It Off
63%
Tell Me
63%
All My Love
62%
Silent Night
62%
We The Party
61%
Hey Good Lookin
61%
I Depend On You
60%
You And Me At Christmas
60%
Never Know
54%
Merry Little Christmas
50%
Help Me Help You
37%

Score Distribution

Percentile by Number Answered

Percent of People with Each Score

Your Score History

You have not taken this quiz